000 00358nam a22001457a 4500
003 SGT
020 _a9788119613458
082 _a615.321
_bRAJ
100 _aRAJA DR R RAMASUBRAMANIA
245 _aPHARMACOGNOSY AND PHYTOCHEMISTRY- II
260 _aINDIA
_bIP PUB
_c2025
300 _a89
650 _aPHARMACOGNOSY AND PHYTOCHEMISTRY
942 _2ddc
_cBK
999 _c34249
_d34249